Banner

El renacimiento de la cultura jurídica en occidente : (Record no. 423)

MARC details
000 -LEADER
campo de control de longitud fija 01870nam a22003377a 4500
001 - NÚMERO DE CONTROL
campo de control 001877
003 - IDENTIFICADOR DE NÚMERO DE CONTROL
campo de control CoMeUDC001877
005 - FECHA Y HORA DE LA ÚLTIMA TRANSACCIÓN
campo de control 20181214175319.0
008 - DATOS DE LONGITUD FIJA--INFORMACIÓN GENERAL
campo de control de longitud fija 050211s2004 ck r 00010 spa d
015 ## - NÚMERO DE BIBLIOGRAFÍA NACIONAL
Número de bibliografía nacional ck-2004-xxxx
020 ## - NÚMERO INTERNACIONAL ESTÁNDAR DEL LIBRO
Número Internacional Estándar del Libro 9589176348
035 ## - NÚMERO DE CONTROL DEL SISTEMA
Número de control de sistema AJB4116 LA
040 ## - FUENTE DE CATALOGACIÓN
Centro catalogador/agencia de origen la
Centro/agencia transcriptor CoMeUDC
041 0# - CÓDIGO DE IDIOMA
Código de lengua del texto/banda sonora o título independiente spa
043 ## - CÓDIGO DE ÁREA GEOGRÁFICA
Código de área geográfica e------
082 04 - NÚMERO DE LA CLASIFICACIÓN DECIMAL DEWEY
Número de clasificación 340.55
Número de ítem J37r
Información de edición 19 ed.
100 1# - ENTRADA PRINCIPAL--NOMBRE DE PERSONA
Nombre de persona Jaramillo J., Carlos Ignacio.
245 13 - MENCIÓN DEL TÍTULO
Título El renacimiento de la cultura jurídica en occidente :
Resto del título el derecho en el medievo, siglos XI-XV /
Mención de responsabilidad, etc. Carlos Ignacio Jaramillo J.
260 ## - PUBLICACIÓN, DISTRIBUCIÓN, ETC.
Lugar de publicación, distribución, etc. Bogotá :
Nombre del editor, distribuidor, etc. Pontificia Universidad Javeriana, Facultad de Ciencias Jurídicas ; Editorial Temis,
Fecha de publicación, distribución, etc. 2004.
300 ## - DESCRIPCIÓN FÍSICA
Extensión xl, 651 p. ,31 p. de láminas ;
Dimensiones 23 cm.
440 ## - MENCIÓN DE SERIE/PUNTO DE ACCESO ADICIONAL--TÍTULO
Título Colección profesores ;
Designación de volumen o secuencia 36
9 (RLIN) 784
500 ## - NOTA GENERAL
Nota general jurídica. Surgimiento de la escuela de los comentaristas o posglosadores (Siglos XIII-XV) ; La iglesia, la ciencia canonista y la formación del elemento romano-canónico. Esplendor y expansión de la escuela de los canonistas 8Siglos XI-XV) ; Luz, sombra y aurora de la cultura jurd̕ica (retrospectiva medieval, siglos V-XV).
505 0# - NOTA DE CONTENIDO CON FORMATO
Nota de contenido con formato Prolegm̤eno histórico. Esbozo del entorno jurídico en la época renacentista y justificación terminológica ; Antecedentes del renacimiento cultural y jurídico medieval. Breve referencia histórica a la etapa que precedí al Despestar de la cultura jurd̕ica occidental ; El Despertar de la cultura jurídica. Génesis y consolidación de la escuela de los glosadores (Siglos XI-XIII) ; Afianzamiento y desarrollo de la cultura.
650 ## - PUNTO DE ACCESO ADICIONAL DE MATERIA--TÉRMINO DE MATERIA
Término de materia o nombre geográfico como elemento de entrada Derecho
Subdivisión general Historia.
650 ## - PUNTO DE ACCESO ADICIONAL DE MATERIA--TÉRMINO DE MATERIA
Término de materia o nombre geográfico como elemento de entrada Historia del derecho romano.
650 ## - PUNTO DE ACCESO ADICIONAL DE MATERIA--TÉRMINO DE MATERIA
Término de materia o nombre geográfico como elemento de entrada Derecho medieval
Subdivisión geográfica Europa.
650 ## - PUNTO DE ACCESO ADICIONAL DE MATERIA--TÉRMINO DE MATERIA
Término de materia o nombre geográfico como elemento de entrada Derecho romano
Subdivisión general Influencia
Subdivisión geográfica Europa.
650 #0 - PUNTO DE ACCESO ADICIONAL DE MATERIA--TÉRMINO DE MATERIA
Término de materia o nombre geográfico como elemento de entrada Historia del derecho canónico.
9 (RLIN) 785
942 ## - ELEMENTOS DE ENTRADA SECUNDARIOS (KOHA)
Fuente del sistema de clasificación o colocación Clasificación Decimal Dewey
Tipo de ítem Koha Libros
949 ## - PROCESAMIENTO DE INFORMACIÓN LOCAL (OCLC)
a c
b n
Holdings
Estatus retirado Estado de pérdida Fuente del sistema de clasificación o colocación Estado de daño No para préstamo Colección Biblioteca de origen Biblioteca actual Fecha de adquisición Fuente de adquisición Signatura topográfica completa Código de barras Visto por última vez Copia número Precio de reemplazo Tipo de ítem Koha
    Clasificación Decimal Dewey     Colección general U DE COLOMBIA - Biblioteca U DE COLOMBIA - Biblioteca 14/12/2018 Compra 340.55 J37r 001877 14/12/2018 1 14/12/2018 Libros


Biblioteca Académica Corporación Universitaria U DE COLOMBIA | Teléfono: +(57) (4) 2398080 ext. 1112 | E-mail: biblioteca@udecolombia.edu.co | Dirección: Calle 56 Nº 41 – 147 (Bolivia con Girardot)
Horario de atención: lunes a viernes 8:00 a.m. a 8:00 p.m. - sábados 8:00 a.m. a 4:00 p.m.
Implementado por Grupo EGS.

Powered by Koha